00434 2200181 4500001002100000005001500021035002000036008004100056245004500097100001400142250000600156260003400162300001200196084001400208082000800222650001000230990001200240INLIS00000000000014920240711091724 a0010-0424000125240711 1 ind 1 aNIBIRU dan Ksatria Atlantis /cTasaro GK aTasaro GK a1 aSolo :bTiga Serangkai,c2010 a692 hlm a813 TAS n a813 4aFiksi a0732506